000 00620cam a2200229 i 4500
001 3668125
005 20180809062923.0
008 780321s1978 paua b 001 0 eng
010 _a 77084680
020 _a0721671918
040 _aDLC
_cDLC
_dDLC
041 _aeng
060 _aWG220 P449c
080 _22 nd
_a616.120 PER
082 0 0 _a616.120 PER
100 1 _a7
101 _aKAR
245 1 4 _aThe clinical recognition of congenital heart disease /
_cJoseph K. Perloff.
504 _aIncludes bibliographies and index.
906 _a7
_bcbc
_corignew
_d1
_eopcn
_f19
_gy-gencatlg
942 _2ddc
_cBK
999 _c46967
_d46967